Human Resources Management : Perspectives, Context, Functions, and Outcomes
Αποθηκεύτηκε σε:
| Κύριος συγγραφέας: | |
|---|---|
| Άλλοι συγγραφείς: | |
| Μορφή: | Βιβλίο |
| Γλώσσα: | English |
| Δημοσίευση: |
New Jersey :
Prentice-Hall,
1996
|
| Έκδοση: | 3rd ed. |
| Θέματα: | |
| Ετικέτες: |
Προσθήκη ετικέτας
Δεν υπάρχουν, Καταχωρήστε ετικέτα πρώτοι!
|
MARC
| LEADER | 00000nam a2200000 i 4500 | ||
|---|---|---|---|
| 001 | 1/58029 | ||
| 008 | 980521s1996 eng d | ||
| 020 | |a 0205163777 | ||
| 035 | |l 10028296 | ||
| 040 | |a GR-MY-UA |b gre |e aacr | ||
| 041 | 0 | |a eng | |
| 082 | 0 | |a 658.3 | |
| 100 | 1 | |a Ferris, Gerald R. | |
| 245 | 1 | 0 | |a Human Resources Management : |b Perspectives, Context, Functions, and Outcomes / |c Gerald R. Ferris ; M. Ronald Buckley |
| 250 | |a 3rd ed. | ||
| 260 | |a New Jersey : |b Prentice-Hall, |c 1996 | ||
| 300 | |a 595 σ. | ||
| 650 | 0 | 0 | |a Personnel management. |
| 700 | 1 | |a Buckley, M. Ronald. | |
| 852 | |a INST |b CHIOS |e 19980521 |h 658.3 FER |p 005200016474 |q 005200016474 |t BK |y 0 | ||
| 901 | |a BIBL-1998-2 | ||
| 909 | |a Χ |b 056114 | ||
| 922 | |a 2ΕΛΗ |b 199804 |c ΤΔΕ |d ΠΑΠΑΣΩΤΗΡΙΟΥ | ||